LDR 00730naa#a2200169#i#450# 001 EN\INFRA-M\bibl\114078 005 20260516074112.6 011 ## _a1998-0744 100 ## _a20260429b2026####ek#y0engy0150####ca 102 ## _aRU 200 1# _aAnalysis of the Concept of “Educational Physical Experiment” Using Artificial Intelligence _eJournal article 210 1# _aMoscow _cINFRA-M Academic Publishing LLC. _d2026 215 ## _a8 с. 608 ## _aJournal article _2local 675 ## _aОбщие вопросы дидактики и методики воспитания и обучения. 37.02 _aОбразование. Воспитание. Обучение. Организация досуга. 37 _z 700 #1 _aMayer _gR. V. 856 4# _anaukaru.ru _u